| 000 | 00419nam a22001577a 4500 | ||
|---|---|---|---|
| 999 |
_c12633 _d12633 |
||
| 008 | 210210b ||||| |||| 00| 0 eng d | ||
| 082 | 0 | 0 |
_a620.112 _bU81 |
| 100 |
_92673 _aUrry, S. A. |
||
| 245 | 1 | 0 |
_aSolutions of problems in strength of materials _cby S. A. Urry |
| 250 | _a2nd ed. | ||
| 260 |
_aLondon: _bPitman _c1957 |
||
| 300 | _avii, 406p. | ||
| 365 | _d14.00 | ||
| 650 | 0 | _aStrength of Materials | |
| 942 | _cBK | ||